000 01093cab a2200349 4500
001 ABS51433
008 090401t1994 xxu||||| |||| 00| 0 eng d
035 _a(Sirsi) u26451
041 _aeng
100 _aOxley, M.
245 _aSocial housing in Europe: problems without frontiers
260 _c1994
350 _a0
490 _aVoluntary Housing
_vSeptember 1994, 12-13(2)
520 _aSummarises research being undertaken into social housing in European community countries, comparing its size, management and financing. The UK has he second highest social rented sector, the largest municipal housing stock and the lowest level of housing investment for the past 20 years.
650 _aBELGIUM
650 _aDENMARK
650 _aEUROPE
650 _aFRANCE
650 _aGERMANY
650 _aEIRE
650 _aITALY
650 _aNETHERLANDS
650 _aPORTUGAL
650 _aRENTED HOUSING
650 _aSOCIAL HOUSING
650 _aSPAIN
690 _aBlock management
_96220
690 _aOVERSEAS-EUROPE
942 _n0
948 _c04/03/1997
999 _c17772
_d17772